| 000 | 00394 a2200157 4500 | ||
|---|---|---|---|
| 020 | _a9780415449984 | ||
| 022 | _a0415449987 | ||
| 082 | _a351 | ||
| 090 |
_c6641 _d6641 |
||
| 100 | _aCurrie,Graeme. | ||
| 245 |
_aMaking Public Services Management Critical. _cGraeme Currie. |
||
| 260 |
_aNew York _bRoutledge. _c2009. |
||
| 300 | _a273p. | ||
| 500 | _aHard cover | ||
| 942 |
_aNBS _cBK _k351 CUR |
||
| 999 |
_c348992 _d348992 |
||